[Event "WYCC 2018 O18"]
[Site "Halkidiki"]
[Date "2018.10.28"]
[Round "9"]
[White "Janik, Igor"]
[Black "Parvanyan, Ashot"]
[Result "1/2-1/2"]
[WhiteElo "2453"]
[BlackElo "2428"]
[Annotator "TA"]
[PlyCount "63"]
[EventDate "2018.10.20"]
[EventType "swiss"]
[EventCountry "GRE"]
[SourceTitle "playchess.com"]
[Source "ChessBase"]
[SourceQuality "1"]

{[%evp 20,63,16,29,56,42,47,33,52,51,75,66,64,50,95,75,71,-16,-11,-32,-25,-67,-66,-67,-62,-51,-60,-89,-112,-108,-68,-68,0,-4,0,-1,0,-30,-35,-137,-123,-132,-133,-126,-52,-62]} 1. d4 Nf6 2. c4 e6 3. g3 c5 4. d5 exd5 5. cxd5 d6 6. Nc3 g6 7. Bg2 Bg7 8. Nf3 O-O 9. O-O Re8 10. Re1 a6 11. a4 {LiveBook: 102 Games. A62: Modern Benoni: Fianchetto Variation without early ...Nbd7} h6 (11... Nbd7 12. h3 Rb8 13. Bf4 Qc7 14. a5 b5 15. axb6 Nxb6 16. Rc1 Ne4 17. Nxe4 Rxe4 18. b3 a5 19. Nd2 Rd4 20. e4 Ba6 21. Be3 Rb4 {0-1 (38) Xiong,J (2652)-Vachier Lagrave,M (2795) chess.com INT 2017}) 12. h3 Nbd7 13. e4 {White is slightly better.} Qc7 14. Bf4 $146 ({Predecessor:} 14. a5 Nh7 15. Kh2 Rb8 16. e5 Nxe5 17. Nxe5 Rxe5 18. Rxe5 Bxe5 19. Bxh6 Bf5 {1-0 (35) Czerw,D (1957)-Krasowski,P (1815) Lublin 2012}) 14... Nh5 15. Bd2 Rb8 16. Qc1 Kh7 17. g4 Nhf6 18. g5 (18. Bf4 $16) 18... hxg5 $11 19. Nxg5+ Kg8 20. Ne2 Ne5 21. Qc2 b5 22. axb5 axb5 23. Ng3 c4 {[%cal Bc5c4,Bc4d3][%mdl 32]} 24. Re3 Qc5 25. Rea3 Nd3 (25... Rb7 $15) 26. Be3 Qb4 27. Bf1 Nd7 28. Bxd3 cxd3 29. Qb3 (29. Qxd3 $15 Bxb2 30. Rb3) 29... Qxb3 $17 30. Rxb3 Nc5 31. Rb4 Na6 (31... Bd7 $17 32. Bf4 Ra8) 32. Rb3 {Precision: White = 54%, Black = 50%.} 1/2-1/2

[Event "WYCC 2018 O18"]
[Site "Halkidiki"]
[Date "2018.10.28"]
[Round "9"]
[White "Makhnev, Denis"]
[Black "Wang, Shixu B"]
[Result "1/2-1/2"]
[WhiteElo "2442"]
[BlackElo "2330"]
[Annotator "TA"]
[PlyCount "91"]
[EventDate "2018.10.20"]
[EventType "swiss"]
[EventCountry "GRE"]
[SourceTitle "playchess.com"]
[Source "ChessBase"]
[SourceQuality "1"]

{[%evp 21,91,-17,-11,-30,-30,-30,-44,-37,-29,-45,-12,-13,-15,-22,-11,-13,-14,-29,0,-2,0,-5,-5,-5,-5,-5,-5,-5,-6,-11,-14,-21,-25,-49,-40,-52,-45,-54,-57,-58,-19,-18,-18,-67,0,0,0,0,0,0,0,0,0,0,0,0,0,0,0,0,0,0,0,0,0,0,0,0,0,0,0,0]} 1. d4 d5 2. Bf4 Nf6 3. e3 e6 4. Nd2 Bd6 5. c3 O-O 6. Bd3 c5 7. Ngf3 Nc6 8. Bg3 b6 9. Ne5 Bb7 10. O-O Qc7 11. f4 Ne7 {LiveBook: 25 Games. D02: 1 d4 d5 2 Nf3 sidelines, including 2...Nf6 3 g3 and 2...Nf6 3 Bf4} 12. Qb1 g6 (12... Qc8 13. Bh4 Nf5 14. Bxf5 exf5 15. Bxf6 gxf6 16. Nef3 Qe6 17. Re1 Ba6 18. Nh4 cxd4 19. exd4 {1-0 (28) Korobov,A (2692)-Dominguez Perez,L (2739) Doha 2016}) 13. Bh4 Ne8 $1 {Black has an edge.} 14. g4 {[#]} f6 $146 15. Bg3 Nc6 16. Nxc6 Bxc6 17. Nf3 Qd7 18. Qc2 c4 19. Be2 Be7 20. g5 Nd6 21. gxf6 Bxf6 22. Bh4 Bxh4 23. Nxh4 Nf5 24. Ng2 Qe7 25. Bg4 b5 26. a3 a5 $36 {[%mdl 2048] White is under pressure.} 27. Bxf5 exf5 ({Much worse is} 27... gxf5 $6 28. Ne1 $14) 28. Qf2 b4 29. axb4 axb4 30. Nh4 {[%cal Bg2h4,Bh4f3,Bf3e5][%mdl 32]} bxc3 31. bxc3 Ra3 32. Nf3 Rfa8 ({Black should try} 32... Rxc3 $15 33. Ne5 Rc8) 33. Rxa3 $11 {The position is equal.} Qxa3 34. Ne5 Be8 35. Qg2 Ra5 36. Qg5 {Strongly threatening Qd8.} Ra8 37. Qf6 {With the idea Qe6+.} Qxc3 38. Qe6+ Kg7 39. Qe7+ Kg8 40. Kf2 Qd2+ 41. Kg3 Qxe3+ 42. Rf3 Qxd4 {[#] White must now prevent ...Qa7.} 43. Qe6+ Kg7 44. Qe7+ Kg8 {And now ...Qa7 would win.} 45. Qe6+ Kg7 {( -> ...Qg1+)} 46. Qe7+ {Precision: White = 81%, Black = 67%.} 1/2-1/2

[Event "WYCC 2018 O18"]
[Site "Halkidiki"]
[Date "2018.10.28"]
[Round "9"]
[White "Gumularz, Szymon"]
[Black "Moroni, Luca Jr"]
[Result "1-0"]
[WhiteElo "2441"]
[BlackElo "2554"]
[Annotator "TA"]
[PlyCount "83"]
[EventDate "2018.10.20"]
[EventType "swiss"]
[EventCountry "GRE"]
[SourceTitle "playchess.com"]
[Source "ChessBase"]
[SourceQuality "1"]

{[%evp 24,83,5,5,25,0,31,17,46,46,135,133,181,176,168,156,170,136,218,170,196,192,164,164,177,172,284,254,289,247,244,194,202,51,236,223,343,320,335,322,317,319,326,318,463,356,539,525,754,666,802,789,800,783,1094,1127,1129,1075,1773,1716,1902,1839]} 1. e4 e5 2. Nf3 Nc6 3. Bc4 Bc5 4. d3 Nf6 5. Bb3 d6 6. c3 a6 7. Nbd2 Be6 8. O-O O-O 9. h3 h6 10. Re1 Re8 {C54: Giuoco Piano: 4 c3 Nf6, main lines with 5 d4 and 5 d3} 11. Bxe6 (11. Bc2 d5 12. exd5 Qxd5 13. b4 Bf8 14. a4 b5 {½-½ (60) Aronian,L (2764)-Karjakin,S (2782) Paris 2018}) 11... Rxe6 12. b4 Ba7 13. Qc2 {LiveBook: 6 Games} Nh5 14. Nc4 $146 ({Predecessor:} 14. Nf1 Rg6 15. Kh2 Qe7 16. g3 {0-1 (42) Padmini,R (2439)-Amin,B (2655) Dubai 2016}) 14... Rg6 15. a4 Qf6 {...Qxf3 is the strong threat.} 16. Kh1 Nd8 ({Better is} 16... Qe6 $14) 17. d4 $1 $16 exd4 18. e5 Qe6 19. cxd4 {Threatens to win with exd6.} Nc6 20. exd6 Qd5 (20... Qc8 $16 {was called for.}) 21. Ne3 Qxd6 22. Nf5 $1 {[%cal Rf5d6]} Qd7 23. b5 $1 {[%cal Rb5c6]} Nb4 24. Qb1 $36 {[%mdl 2048] Black is under strong pressure.} Nd5 (24... Rf6 $142) 25. Ne5 $18 Qe6 26. g4 {aiming for bxa6.} Rf6 27. Bd2 Nhf4 28. Nd3 $2 (28. Ra3 $18) 28... Ne2 $2 {[#]} (28... Nxd3 $1 $14 29. Rxe6 Nxf2+ 30. Kg2 fxe6) 29. Nc1 $1 {[%cal Rc1e2]} Ndf4 {[#]} (29... Ndc3 {keeps fighting.} 30. Bxc3 Qd5+ 31. Kh2 Rxf5 32. Rxe2 (32. Qxf5 Qxf5 33. gxf5 Nxc3 $18) 32... Rf3) 30. Bxf4 $1 Ng3+ 31. Bxg3 Qxe1+ 32. Kg2 Re8 33. Qd3 Rfe6 (33... axb5 $142 34. axb5 Bb6) 34. Nb3 Qb4 (34... Qe2 {is a better defense.} 35. Qxe2 Rxe2 36. bxa6 bxa6) 35. Bxc7 {[%cal Bg3c7,Bc7a5,Ba5b4][%mdl 32] White is clearly winning.} Rc8 36. Ba5 Qf8 37. d5 {[%cal Bd4d5,Bd5d6][%mdl 32]} Re5 38. d6 b6 39. Bb4 Rd8 40. Nbd4 g6 41. Ne7+ Kh7 42. Ndc6 {Precision: White = 83%, Black = 19%.} 1-0

[Event "WYCC 2018 O18"]
[Site "Halkidiki"]
[Date "2018.10.28"]
[Round "9"]
[White "Ioannidis, Evgenios"]
[Black "Alexakis, Dimitris"]
[Result "1-0"]
[WhiteElo "2407"]
[BlackElo "2186"]
[Annotator "NA"]
[PlyCount "89"]
[EventDate "2018.10.20"]
[EventType "swiss"]
[EventCountry "GRE"]
[SourceTitle "playchess.com"]
[Source "ChessBase"]
[SourceQuality "1"]
[TimeControl "40/5400+30:1800+30"]

1. d4 {[%emt 0:00:00]} Nf6 {[%emt 0:00:00]} 2. c4 {[%emt 0:00:00]} e6 {[%emt 0:02:57]} 3. Nc3 {[%emt 0:00:21]} Bb4 {[%emt 0:00:19]} 4. e3 {[%emt 0:00:28]} O-O {[%emt 0:01:45]} 5. Bd2 {[%emt 0:00:57]} b6 {[%emt 0:10:17]} 6. Nf3 {[%emt 0:02:15]} Bb7 {[%emt 0:00:09]} 7. Bd3 {[%emt 0:01:09]} d6 {[%emt 0:16:07]} 8. O-O {[%emt 0:09:16]} Bxc3 {[%emt 0:17:31]} 9. Bxc3 {[%emt 0:00:10]} Ne4 {[%emt 0:00:22]} 10. Be1 {[%emt 0:02:52]} Nd7 {[%emt 0:01:59]} 11. Nd2 {[%emt 0:01:12]} f5 {[%emt 0:07:33]} 12. f3 $11 {[%emt 0:10:43]} Nxd2 {[%emt 0:12:27]} 13. Bxd2 {[%emt 0:00:49]} Qf6 {[%emt 0:01:36]} 14. b4 {[%emt 0:06:09]} e5 {[%emt 0:07:15]} 15. d5 {[%emt 0:03:03]} c5 {[%emt 0:10:25]} 16. a3 {[%emt 0:24:43]} b5 {[%emt 0:06:15]} 17. e4 {[%emt 0:08:54]} cxb4 {[%emt 0:00:50]} 18. axb4 {[%emt 0:00:30]} fxe4 {[%emt 0:00:34]} 19. fxe4 {[%emt 0:00:19]} Qg6 {[%emt 0:00:31]} 20. Rxf8+ {[%emt 0:02:27]} Nxf8 {[%emt 0:00:22]} 21. Qc2 {[%emt 0:02:08]} bxc4 {[%emt 0:00:41]} 22. Qxc4 {[%emt 0:00:08]} Qf7 {[%emt 0:00:25]} 23. b5 {[%emt 0:08:04]} Nd7 {[%emt 0:00:28]} 24. Be3 {[%emt 0:00:09]} Nc5 {[%emt 0:00:33]} 25. Bxc5 {[%emt 0:01:55]} Rc8 {[%emt 0:00:06]} 26. Qa4 {[%emt 0:00:32]} Rxc5 {[%emt 0:00:21]} 27. Rf1 {[%emt 0:01:01]} Qc7 {[%emt 0:01:08]} 28. b6 {[%emt 0:01:18]} Qd8 {[%emt 0:00:11]} 29. Qxa7 {[%emt 0:00:28]} Qc8 {[%emt 0:00:20]} 30. Ba6 {[%emt 0:03:37]} Rc1 {[%emt 0:00:43]} 31. Qxb7 {[%emt 0:00:26]} Rxf1+ {[%emt 0:00:40]} 32. Kxf1 {[%emt 0:00:06]} Qc1+ {[%emt 0:00:05]} 33. Ke2 {[%emt 0:00:17]} Qc2+ {[%emt 0:00:41]} 34. Ke3 {[%emt 0:01:00]} Qc3+ {[%emt 0:00:46]} 35. Bd3 {[%emt 0:00:17]} Qe1+ {[%emt 0:00:35]} 36. Kf3 {[%emt 0:00:10]} h5 {[%emt 0:00:30]} 37. Qc8+ {[%emt 0:04:49]} Kh7 {[%emt 0:00:02]} 38. b7 {[%emt 0:02:33]} Qd1+ {[%emt 0:00:49]} 39. Ke3 {[%emt 0:00:07]} Qg1+ {[%emt 0:00:38]} 40. Kd2 {[%emt 0:00:00]} Qf2+ {[%emt 0:00:00]} 41. Kc1 {[%emt 0:02:06]} Qe3+ {[%emt 0:04:32]} 42. Kc2 {[%emt 0:00:05]} Qf2+ {[%emt 0:00:07]} 43. Kb3 {[%emt 0:00:05]} Qd4 {[%emt 0:01:50]} 44. Qc4 {[%emt 0:01:10]} Qb6+ {[%emt 0:02:44]} 45. Qb5 {[%emt 0:00:05]} 1-0

[Event "WYCC 2018 O18"]
[Site "Halkidiki"]
[Date "2018.10.28"]
[Round "9"]
[White "Ayats Llobera, Gerard"]
[Black "Liska, Jiri"]
[Result "1-0"]
[WhiteElo "2399"]
[BlackElo "2245"]
[Annotator "NA"]
[PlyCount "83"]
[EventDate "2018.10.20"]
[EventType "swiss"]
[EventCountry "GRE"]
[SourceTitle "playchess.com"]
[Source "ChessBase"]
[SourceQuality "1"]
[TimeControl "40/5400+30:1800+30"]

1. e4 {[%emt 0:00:00]} c5 {[%emt 0:00:00]} 2. Nf3 {[%emt 0:00:00]} Nc6 {[%emt 0:00:00]} 3. d4 {[%emt 0:00:00]} cxd4 {[%emt 0:00:10]} 4. Nxd4 {[%emt 0:00:00]} d5 {[%emt 0:00:27]} 5. exd5 {[%emt 0:12:55]} Qxd5 6. Be3 e6 {[%emt 0:02:32]} 7. Nc3 {[%emt 0:06:23]} Bb4 {[%emt 0:01:54]} 8. Ndb5 {[%emt 0:01:32]} Qe5 {[%emt 0:02:16]} 9. a3 {[%emt 0:20:05]} Be7 {[%emt 0:03:10]} 10. Qd2 {[%emt 0:05:53]} a6 {[%emt 0:10:10]} 11. f4 {[%emt 0:01:58]} Qb8 $11 {[%emt 0:00:43]} 12. Nd4 {[%emt 0:02:22]} Nf6 {[%emt 0:04:41]} 13. Nb3 {[%emt 0:21:32]} O-O {[%emt 0:06:41]} 14. Bb6 {[%emt 0:00:11]} e5 {[%emt 0:08:41]} 15. Be2 {[%emt 0:09:45]} exf4 {[%emt 0:07:36]} 16. O-O-O {[%emt 0:00:02]} Be6 {[%emt 0:07:21]} 17. Nc5 {[%emt 0:01:00]} Bd8 {[%emt 0:21:30]} 18. Nxe6 {[%emt 0:03:05]} Bxb6 {[%emt 0:00:46]} 19. Nxf4 {[%emt 0:00:06]} Qe5 {[%emt 0:02:54]} 20. Nd3 {[%emt 0:01:07]} Qe7 {[%emt 0:01:36]} 21. Kb1 {[%emt 0:00:12]} Be3 {[%emt 0:02:58]} 22. Qe1 {[%emt 0:00:04]} Rfd8 {[%emt 0:01:59]} 23. Bf3 {[%emt 0:01:55]} Nd4 {[%emt 0:01:42]} 24. Nb4 {[%emt 0:00:25]} Nxf3 25. gxf3 Rxd1+ {[%emt 0:07:06]} 26. Qxd1 {[%emt 0:00:17]} Rd8 {[%emt 0:00:48]} 27. Qe2 {[%emt 0:00:50]} Rd2 {[%emt 0:01:09]} 28. Qe1 {[%emt 0:02:16]} Qc5 {[%emt 0:01:55]} 29. Nd3 {[%emt 0:01:13]} Qd4 {[%emt 0:00:29]} 30. Qg3 {[%emt 0:03:16]} h6 {[%emt 0:02:55]} 31. Qb8+ {[%emt 0:00:10]} Kh7 {[%emt 0:00:06]} 32. Qxb7 {[%emt 0:00:05]} Qc4 {[%emt 0:01:08]} 33. Qb4 {[%emt 0:03:31]} Qc6 {[%emt 0:00:33]} 34. Re1 {[%emt 0:01:38]} Bf2 {[%emt 0:00:26]} 35. Rf1 {[%emt 0:01:31]} Qxf3 {[%emt 0:00:21]} 36. Qc4 {[%emt 0:01:00]} Qg2 {[%emt 0:00:37]} 37. Nf4 {[%emt 0:00:40]} Qxh2 {[%emt 0:00:27]} 38. Nfd5 {[%emt 0:00:38]} Bh4 {[%emt 0:00:37]} 39. Nxf6+ {[%emt 0:00:16]} Bxf6 {[%emt 0:00:23]} 40. Ne4 {[%emt 0:00:00]} Rd7 {[%emt 0:00:00]} 41. Nxf6+ {[%emt 0:01:07]} gxf6 {[%emt 0:01:24]} 42. Qe4+ {[%emt 0:00:01]} 1-0

[Event "WYCC 2018 O18"]
[Site "Halkidiki"]
[Date "2018.10.28"]
[Round "9"]
[White "Miciano, John Marvin"]
[Black "Gholami, Aryan"]
[Result "0-1"]
[WhiteElo "2361"]
[BlackElo "2493"]
[Annotator "ChessBase"]
[PlyCount "128"]
[EventDate "2018.10.20"]
[EventType "swiss"]
[EventCountry "GRE"]
[SourceTitle "playchess.com"]
[Source "ChessBase"]
[SourceQuality "1"]
[TimeControl "40/5400+30:1800+30"]

1. e4 {[%emt 0:00:00]} e6 {[%emt 0:00:21]} 2. Qe2 {[%emt 0:00:57]} c5 {[%emt 0:01:37]} 3. g3 {[%emt 0:00:47]} Nc6 {[%emt 0:01:09]} 4. Bg2 {[%emt 0:00:17]} g6 {[%emt 0:02:27]} 5. Nf3 {[%emt 0:00:21]} Bg7 {[%emt 0:00:23]} 6. O-O {[%emt 0:01:07]} Nge7 {[%emt 0:00:17]} 7. c3 {[%emt 0:03:43]} d6 {[%emt 0:01:37]} 8. d3 {[%emt 0:02:08]} O-O {[%emt 0:00:21]} 9. Nbd2 {[%emt 0:01:41]} e5 {[%emt 0:11:09]} 10. Nh4 {[%emt 0:02:11]} g5 {[%emt 0:06:51]} 11. Nhf3 {[%emt 0:00:21]} h6 {[%emt 0:01:28]} 12. Nc4 {[%emt 0:02:11]} Be6 {[%emt 0:01:24]} 13. Bxg5 {[%emt 0:34:01]} hxg5 {[%emt 0:00:07]} 14. Nxg5 {[%emt 0:00:07]} Bh6 {[%emt 0:02:01]} 15. Nxe6 {[%emt 0:01:04]} fxe6 {[%emt 0:00:06]} 16. Qg4+ {[%emt 0:04:34]} Kh7 {[%emt 0:06:10]} 17. Qxe6 {[%emt 0:00:26]} Kg7 {[%emt 0:12:20]} 18. Qg4+ {[%emt 0:09:26]} Ng6 {[%emt 0:01:47]} 19. h4 {[%emt 0:01:19]} Kh7 {[%emt 0:01:19]} 20. h5 {[%emt 0:03:02]} Nge7 {[%emt 0:04:57]} 21. a4 {[%emt 0:05:54]} Rf6 {[%emt 0:02:38]} 22. Bh3 {[%emt 0:03:11]} Qe8 {[%emt 0:07:18]} 23. Ne3 {[%emt 0:02:39]} Qf7 {[%emt 0:03:02]} 24. Qe2 {[%emt 0:04:48]} Bxe3 {[%emt 0:04:35]} 25. fxe3 {[%emt 0:00:18]} Rg8 {[%emt 0:02:36]} 26. Rxf6 {[%emt 0:01:26]} Qxf6 {[%emt 0:00:12]} 27. Kh2 {[%emt 0:00:59]} Qg7 {[%emt 0:02:09]} 28. Rg1 {[%emt 0:00:45]} Nd8 {[%emt 0:00:24]} 29. Bd7 {[%emt 0:01:51]} Nf7 {[%emt 0:06:29]} 30. Qf3 {[%emt 0:03:04]} Ng5 {[%emt 0:01:14]} 31. Qe2 {[%emt 0:00:31]} Rf8 {[%emt 0:04:08]} 32. Rf1 {[%emt 0:00:56]} Rxf1 {[%emt 0:00:10]} 33. Qxf1 {[%emt 0:00:05]} Qf7 {[%emt 0:00:06]} 34. Qxf7+ {[%emt 0:01:41]} Nxf7 {[%emt 0:00:04]} 35. Kh3 {[%emt 0:01:14]} Kh6 {[%emt 0:00:51]} 36. Kg4 {[%emt 0:00:14]} Ng5 {[%emt 0:00:20]} 37. c4 {[%emt 0:02:15]} b6 {[%emt 0:09:47]} 38. Be8 {[%emt 0:00:56]} Nh7 {[%emt 0:00:58]} 39. Kh4 Nf6 {[%emt 0:00:44]} 40. Bf7 {[%emt 0:00:00]} Nc6 {[%emt 0:00:00]} 41. Bg6 {[%emt 0:01:51]} Nb4 {[%emt 0:17:05]} 42. g4 {[%emt 0:00:06]} Kg7 {[%emt 0:00:04]} 43. g5 {[%emt 0:05:55]} Ng8 {[%emt 0:00:06]} 44. Be8 {[%emt 0:00:46]} Nxd3 {[%emt 0:00:57]} 45. Kg4 {[%emt 0:00:05]} Nxb2 {[%emt 0:02:14]} 46. Bb5 {[%emt 0:01:03]} Ne7 {[%emt 0:01:39]} 47. h6+ {[%emt 0:05:21]} Kh7 {[%emt 0:04:39]} 48. Kh5 {[%emt 0:00:28]} a5 {[%emt 0:02:04]} 49. Kg4 {[%emt 0:01:57]} Nd1 {[%emt 0:00:37]} 50. Kf3 {[%emt 0:00:22]} Ng6 {[%emt 0:01:38]} 51. Be8 {[%emt 0:00:55]} Nf8 {[%emt 0:01:10]} 52. Bf7 {[%emt 0:02:27]} Nb2 {[%emt 0:00:21]} 53. Ke2 {[%emt 0:01:11]} Nxa4 {[%emt 0:00:46]} 54. Kd2 {[%emt 0:00:58]} Nb2 {[%emt 0:02:45]} 55. Kc2 {[%emt 0:00:14]} Nxc4 {[%emt 0:00:07]} 56. Bxc4 {[%emt 0:00:18]} Kg6 {[%emt 0:00:06]} 57. Kb3 {[%emt 0:00:11]} Kxg5 {[%emt 0:00:16]} 58. Ka4 {[%emt 0:00:09]} Kxh6 {[%emt 0:00:24]} 59. Kb5 {[%emt 0:00:05]} Nd7 {[%emt 0:01:25]} 60. Kc6 {[%emt 0:01:49]} Nf6 {[%emt 0:00:07]} 61. Kxd6 {[%emt 0:01:23]} Ng4 {[%emt 0:00:13]} 62. Bb5 {[%emt 0:01:37]} Kg5 {[%emt 0:00:17]} 63. Kc6 {[%emt 0:00:10]} Nxe3 {[%emt 0:00:09]} 64. Kxb6 {[%emt 0:00:05]} c4 {[%emt 0:00:04]} 0-1

[Event "WYCC 2018 O18"]
[Site "Halkidiki"]
[Date "2018.10.28"]
[Round "9"]
[White "Mitrabha, Guha"]
[Black "Olimjonov, Sarvarbek"]
[Result "1-0"]
[WhiteElo "2352"]
[BlackElo "2074"]
[Annotator "NA"]
[PlyCount "107"]
[EventDate "2018.10.20"]
[EventType "swiss"]
[EventCountry "GRE"]
[SourceTitle "playchess.com"]
[Source "ChessBase"]
[SourceQuality "1"]
[TimeControl "40/5400+30:1800+30"]

1. Nf3 {[%emt 0:00:00]} d6 {[%emt 0:00:00]} 2. d4 {[%emt 0:00:12]} Bg4 {[%emt 0:00:26]} 3. c4 {[%emt 0:00:08]} Bxf3 {[%emt 0:00:22]} 4. exf3 {[%emt 0:00:08]} e6 {[%emt 0:01:19]} 5. Nc3 {[%emt 0:00:26]} d5 {[%emt 0:04:15]} 6. cxd5 {[%emt 0:02:50]} exd5 {[%emt 0:00:28]} 7. Qb3 {[%emt 0:00:07]} Qe7+ {[%emt 0:00:42]} 8. Be3 {[%emt 0:00:57]} c6 {[%emt 0:00:10]} 9. O-O-O {[%emt 0:00:06]} Qb4 {[%emt 0:01:26]} 10. Qc2 {[%emt 0:00:18]} Nd7 {[%emt 0:00:37]} 11. a3 {[%emt 0:01:32]} Qa5 {[%emt 0:01:28]} 12. Bf4 {[%emt 0:00:25]} Be7 {[%emt 0:05:42]} 13. Bd3 {[%emt 0:00:38]} a6 {[%emt 0:01:58]} 14. Kb1 {[%emt 0:01:16]} g6 {[%emt 0:06:24]} 15. Rde1 {[%emt 0:00:41]} O-O-O {[%emt 0:02:50]} 16. Na4 {[%emt 0:04:58]} Nb6 {[%emt 0:11:32]} 17. Nc5 {[%emt 0:02:59]} Bxc5 {[%emt 0:04:29]} 18. Bd2 {[%emt 0:00:56]} Qa4 {[%emt 0:05:22]} 19. Qxc5 {[%emt 0:00:02]} Nc4 {[%emt 0:00:58]} 20. Bxc4 {[%emt 0:02:55]} Qxc4 {[%emt 0:05:18]} 21. Qa7 {[%emt 0:00:57]} Qd3+ {[%emt 0:02:57]} 22. Kc1 {[%emt 0:00:06]} Qc4+ {[%emt 0:00:43]} 23. Bc3 {[%emt 0:00:28]} Kc7 {[%emt 0:01:32]} 24. Re3 {[%emt 0:00:05]} Nf6 {[%emt 0:03:05]} 25. b3 {[%emt 0:00:18]} Qb5 {[%emt 0:00:11]} 26. Bd2 {[%emt 0:05:10]} g5 {[%emt 0:08:35]} 27. a4 {[%emt 0:03:33]} Qb6 {[%emt 0:00:26]} 28. Re7+ {[%emt 0:02:02]} Rd7 {[%emt 0:00:06]} 29. Qxb6+ {[%emt 0:00:25]} Kxb6 {[%emt 0:00:08]} 30. Rhe1 {[%emt 0:01:19]} h6 {[%emt 0:12:40]} 31. Rxd7 {[%emt 0:00:06]} Nxd7 {[%emt 0:00:05]} 32. Re7 {[%emt 0:00:03]} Kc7 {[%emt 0:00:28]} 33. Rxf7 {[%emt 0:00:05]} Re8 {[%emt 0:06:44]} 34. Kd1 {[%emt 0:00:45]} b6 {[%emt 0:02:51]} 35. Rh7 {[%emt 0:01:31]} Re6 {[%emt 0:00:31]} 36. a5 {[%emt 0:03:09]} b5 {[%emt 0:01:57]} 37. Bb4 {[%emt 0:00:55]} Kc8 {[%emt 0:01:32]} 38. h3 {[%emt 0:00:36]} Kc7 {[%emt 0:00:41]} 39. Kd2 {[%emt 0:00:55]} Kc8 {[%emt 0:00:28]} 40. Kd3 {[%emt 0:00:00]} Kd8 {[%emt 0:00:00]} 41. Bd2 {[%emt 0:01:43]} c5 {[%emt 0:07:13]} 42. dxc5 {[%emt 0:00:11]} Nxc5+ {[%emt 0:00:11]} 43. Kd4 {[%emt 0:00:12]} Nxb3+ {[%emt 0:01:02]} 44. Kxd5 {[%emt 0:00:05]} Rg6 {[%emt 0:01:02]} 45. Rxh6 {[%emt 0:06:16]} Rxh6 {[%emt 0:02:46]} 46. Bxg5+ {[%emt 0:00:01]} Kd7 {[%emt 0:00:43]} 47. Bxh6 {[%emt 0:00:05]} Nxa5 {[%emt 0:00:04]} 48. h4 {[%emt 0:00:13]} Nb3 {[%emt 0:08:04]} 49. h5 {[%emt 0:00:18]} a5 {[%emt 0:02:03]} 50. Bf4 {[%emt 0:01:48]} Ke7 {[%emt 0:00:13]} 51. g4 {[%emt 0:00:13]} a4 {[%emt 0:00:31]} 52. g5 {[%emt 0:00:05]} Kf7 {[%emt 0:00:20]} 53. Be5 {[%emt 0:00:21]} Kg8 {[%emt 0:01:17]} 54. g6 {[%emt 0:00:06]} 1-0

[Event "WYCC 2018 O18"]
[Site "Halkidiki"]
[Date "2018.10.28"]
[Round "9"]
[White "Ranaldi, Lucas"]
[Black "Liang, Albert"]
[Result "1-0"]
[WhiteElo "2335"]
[BlackElo "2042"]
[Annotator "NA"]
[PlyCount "55"]
[EventDate "2018.10.20"]
[EventType "swiss"]
[EventCountry "GRE"]
[SourceTitle "playchess.com"]
[Source "ChessBase"]
[SourceQuality "1"]
[TimeControl "40/5400+30:1800+30"]

1. c4 {[%emt 0:00:00]} e5 {[%emt 0:00:00]} 2. g3 {[%emt 0:00:00]} Nf6 {[%emt 0:00:00]} 3. Bg2 {[%emt 0:00:00]} Nc6 {[%emt 0:00:00]} 4. Nc3 {[%emt 0:00:36]} Bc5 {[%emt 0:00:47]} 5. a3 {[%emt 0:00:17]} a6 {[%emt 0:01:07]} 6. e3 {[%emt 0:00:13]} Ba7 {[%emt 0:00:58]} 7. Nge2 {[%emt 0:00:33]} O-O {[%emt 0:01:37]} 8. d4 {[%emt 0:02:11]} d6 {[%emt 0:02:58]} 9. h3 {[%emt 0:02:41]} Ne7 {[%emt 0:04:31]} 10. O-O {[%emt 0:02:14]} c6 {[%emt 0:03:26]} 11. b3 {[%emt 0:13:12]} Re8 {[%emt 0:04:05]} 12. e4 {[%emt 0:18:58]} h6 {[%emt 0:14:51]} 13. Kh2 {[%emt 0:01:34]} Bd7 {[%emt 0:10:37]} 14. f4 {[%emt 0:03:49]} exd4 {[%emt 0:05:33]} 15. Nxd4 {[%emt 0:00:18]} Ng6 {[%emt 0:01:49]} 16. Qd3 {[%emt 0:04:06]} Qc7 {[%emt 0:03:51]} 17. Bb2 {[%emt 0:01:38]} Rad8 {[%emt 0:05:34]} 18. Rad1 {[%emt 0:00:57]} b5 {[%emt 0:03:36]} 19. cxb5 {[%emt 0:15:19]} axb5 {[%emt 0:01:20]} 20. b4 {[%emt 0:00:48]} Be6 {[%emt 0:02:43]} 21. Nxe6 {[%emt 0:10:55]} fxe6 {[%emt 0:00:42]} 22. e5 {[%emt 0:02:11]} Nxf4 {[%emt 0:07:50]} 23. exd6 {[%emt 0:14:43]} Nxd3 {[%emt 0:00:18]} 24. dxc7 {[%emt 0:00:02]} Rd4 {[%emt 0:01:29]} 25. Nxb5 {[%emt 0:01:27]} Nxb2 {[%emt 0:05:33]} 26. Nxd4 {[%emt 0:03:14]} Nxd1 {[%emt 0:05:39]} 27. Nxc6 {[%emt 0:00:06]} Ne3 {[%emt 0:06:39]} 28. Nxa7 {[%emt 0:00:27]} 1-0